300 Most Populous Cities of Iowa Quiz Stats

 Plays Quiz not verified by Sporcle

Challenge
Share
Tweet
Embed
Score 0/300 Timer 20:00
0 Plays Today
Rank Name % Correct
1Des Moines
98.1%
2Cedar Rapids
96.7%
6Iowa City
96.6%
3Davenport
95%
8Ames
94.9%
4Sioux City
92.5%
5Waterloo
91.3%
9.Dubuque
91%
7Council Bluffs
90.2%
10West Des Moines
88.2%
11Ankeny
86.1%
13Cedar Falls
86.1%
16Mason City
85%
15Bettendorf
84.3%
19Burlington
83.6%
12Urbandale
83%
17Marshalltown
82.9%
21Ottumwa
82.6%
20Fort Dodge
80.5%
18Clinton
79.9%
35Keokuk
78%
34Fort Madison
76.3%
26Newton
73.1%
51Clear Lake
72.9%
55Washington
72.3%
27Indianola
72%
28Altoona
72%
14Marion
70.9%
31Boone
70.7%
48Decorah
70.7%
23Coralville
70.2%
22Muscatine
69%
25Clive
68.7%
42Grinnell
68.7%
40Le Mars
68.4%
37Pella
67%
89Jefferson
66.7%
32Oskaloosa
66%
78Manchester
65.7%
41Fairfield
65.3%
109Story City
64.8%
33Spencer
64.6%
29Waukee
64.2%
45Mount Pleasant
64%
76Winterset
63.9%
73Vinton
63.4%
38Carroll
62.9%
120Tama
62.8%
59Nevada
62.6%
63Orange City
61.7%
24Johnston
61.5%
81Osceola
61.5%
74Cherokee
61.2%
85Humboldt
60.9%
36Storm Lake
60.7%
75Iowa Falls
60.3%
65Red Oak
60%
83Spirit Lake
60%
49Webster City
59.3%
87Hampton
59.3%
70Centerville
58.6%
93Forest City
58.4%
39Waverly
57.8%
79Shenandoah
57.8%
56Atlantic
57.2%
53Charles City
57%
145Sac City
56.9%
138Toledo
56.4%
30North Liberty
55.9%
46Denison
55.9%
50Creston
55.5%
108New Hampton
55.5%
116Williamsburg
55.3%
105Adel
54.8%
47Grimes
54.7%
64Independence
54.7%
126Grundy Center
53.9%
195Guthrie Center
53.1%
110Polk City
52.6%
57Sioux Center
52.5%
128Rock Rapids
52.5%
191Dallas Center
52.5%
151Ida Grove
52.3%
68Algona
52.2%
94Dyersville
52.2%
95Emmetsburg
52.2%
104West Liberty
51.9%
98Cresco
51.7%
44Pleasant Hill
51.4%
54Knoxville
51.2%
72Glenwood
50.6%
60Oelwein
50.5%
96Waukon
50.5%
147Audubon
50.5%
77Sheldon
50.3%
169Parkersburg
50.2%
172Monroe
49.4%
130Madrid
49.1%
157Sigourney
48.4%
173Pocahontas
48.4%
Rank Name % Correct
80Harlan
48.1%
159Solon
48%
43Norwalk
47.7%
100Monticello
47.7%
106Osage
47.5%
153Lake Mills
47.5%
58Hiawatha
47.2%
69Anamosa
47.2%
62Maquoketa
46.4%
197Monona
46.4%
140West Branch
46%
155Britt
46%
102Albia
45.8%
189Corning
45.8%
67Clarinda
45.6%
113Tipton
45.6%
162Greenfield
45.6%
134West Union
45.3%
91Sergeant Bluff
45.2%
115Garner
45%
121Clarion
44.9%
139Lamoni
44.9%
61Estherville
44.7%
107Eagle Grove
44.7%
271Rockwell
44.5%
186Nashua
44.4%
206State Center
44.2%
90Chariton
44.1%
122Missouri Valley
43.9%
82Windsor Heights
43.6%
156Wapello
43.6%
161Northwood
43.3%
97Carlisle
43.1%
118West Burlington
43%
71De Witt
42.8%
252Aplington
42.4%
101Carter Lake
42.2%
143Mitchellville
42.1%
86Mount Vernon
41.9%
125Eldora
41.9%
176Lake City
41.7%
52Perry
41.6%
132Marengo
41.6%
127Bloomfield
41.3%
163Leon
41.1%
174Denver
41%
253Arnolds Park
41%
166Columbus Junction
40.8%
99Bondurant
40.7%
124Sibley
40.7%
182Prairie City
40.7%
199Logan
40.7%
251Greene
40.7%
282Keota
40.7%
135Center Point
40.5%
181Manson
40.5%
205Brooklyn
40.3%
208Montezuma
40.3%
213Bedford
40.3%
119Milford
40.2%
150Lisbon
39.9%
111Rock Valley
39.1%
88Camanche
38.8%
103Le Claire
38.8%
133Jesup
38.8%
179Pleasantville
38.8%
210Urbana
38.6%
158Ogden
38.5%
237Villisca
38.5%
285Riverside
38.3%
177Rockwell City
38.2%
117Onawa
37.9%
137Kalona
37.9%
201Avoca
37.9%
233Elkader
37.9%
220Holstein
37.7%
232Strawberry Point
37.7%
188Stuart
37.4%
224Manly
37.4%
141La Porte City
37.2%
275Allison
37.2%
234Buffalo
37.1%
298Janesville
37.1%
154Colfax
36.9%
196Mediapolis
36.9%
131Belle Plaine
36.6%
152Fairfax
36.6%
123Wilton
36.4%
180Mount Ayr
36.1%
142Hudson
36%
148Hull
35.8%
149Cascade
35.8%
283Keosauqua
35.7%
165Guttenberg
35.5%
229New Sharon
35.5%
279Van Meter
35.4%
243Hamburg
35.2%
136Belmond
34.9%
267De Soto
34.6%
84Evansdale
34.4%
Rank Name % Correct
146Bellevue
34.3%
160Sumner
34.1%
92Asbury
34%
236Central City
34%
194Corydon
33.8%
202Manning
33.8%
226Coon Rapids
33.8%
284Lansing
33.6%
112Huxley
33.5%
168Alta
33.5%
266University Heights
33.3%
276Palo
33.3%
240Alton
33.2%
299Hinton
33.2%
249Sidney
33%
221Dysart
32.9%
192Moville
32.7%
269North English
32.6%
278Woodward
32.6%
66Eldridge
32.4%
238Granger
32.4%
254Panora
32.2%
129Hawarden
32.1%
164Tiffin
31.9%
209Woodbine
31.9%
300Eldon
31.9%
170Epworth
31.8%
198Farley
31.6%
297Fredericksburg
31.5%
144Postville
31.3%
247Lake View
31.3%
193Ackley
31.2%
244Sheffield
31.2%
246Mechanicsville
31.2%
185Reinbeck
30.7%
178Traer
30.2%
228Shell Rock
30.2%
286Shellsburg
29.9%
255Elk Run Heights
29.4%
183Hartley
29.3%
242Dike
29.3%
114Robins
29.1%
200Oakland
29%
204Akron
28.8%
262Gilbert
28.8%
212Earlham
28.7%
223Fayette
28.7%
288Fruitland
28.5%
211Blue Grass
28.3%
214Clarksville
28%
259St. Ansgar
28%
227Lone Tree
27.7%
175Ely
27.1%
187Remsen
27.1%
217Wellman
26.6%
231Roland
26.6%
235Laurens
26.3%
230Melcher-Dallas
26.2%
273Aurelia
26.2%
264Springville
26%
274Griswold
26%
218Lenox
25.7%
203Slater
25.5%
241Jewell Junction
25.5%
295Le Grand
25.5%
239Mapleton
25.4%
245Glidden
25.4%
287Calmar
25.4%
257Fairbank
25.2%
270Tabor
25.2%
294Gladbrook
24.8%
293West Point
24.3%
280Odebolt
24.1%
215Nora Springs
23.8%
190Walcott
23.7%
225Tripoli
23.7%
290Sloan
23.2%
272Gowrie
22.6%
277Eddyville
22.6%
167New London
22.3%
171Durant
22.3%
261Baxter
21.8%
260Lake Park
21.7%
216Kingsley
20.6%
248Malvern
20.6%
291Anita
19.5%
263George
19.3%
289Clarence
18.4%
250Winfield
18.1%
207Walford
17.8%
296Danville
17.4%
222Peosta
16.8%
219Sanborn
15.6%
258Conrad
14.8%
184Atkins
14.3%
281Preston
13.4%
265Paullina
13.2%
256Marcus
12.1%
268Dunlap
10.7%
292Wayland
10.7%

You're not logged in!

Compare scores with friends on all Sporcle quizzes.
OR
Log In

You Might Also Like...

Show Comments

Extras

Top Quizzes Today


Score Distribution

Your Account Isn't Verified!

In order to create a playlist on Sporcle, you need to verify the email address you used during registration. Go to your Sporcle Settings to finish the process.

Report this User

Report this user for behavior that violates our Community Guidelines.

Details: